Name the Director - Statistics

General Stats
  • This quiz has been taken 19 times
  • The average score is 11 of 16
Answer Stats
Film Director % Correct
Avatar/ Titanic/ T2 James Cameron
100%
Django Unchained/ Pulp Fiction/ Inglorious Basterds Quentin Tarantino
100%
The Shining/ A Clockwork Orange/ 2001: A Space Odyssey Stanley Kubrick
100%
Oppenheimer/ Dark Knight/ Intersteller Christopher Nolan
94%
The Lord of the Rings: The Fellowship of the Ring/ The Hobbit: An Unexpected Journey/ King Kong Peter Jackson
94%
Jaws/ Schindler's List/ Jurassic Park Steven Spielberg
94%
Edward Scissorhands/ Batman/ Beetlejuice Tim Burton
94%
North by Northwest/ Vertigo/ Psycho Alfred Hitchcock
88%
Star Wars: Episode IV - A New Hope/ American Graffiti/ Red Tails George Lucas
71%
Back to the Future/ Forrest Gump/ Cast Away Robert Zemeckis
71%
Citizen Kane/ Touch of Evil/ F for Fake Orson Welles
65%
Steamboat Willie/ Plane Crazy/ The Skeleton Dance Walt Disney
65%
Barbie/ Lady Bird/ Little Women Greta Gerwig
53%
Sin City/ Spy Kids/ Alita: Battle Angel Robert Rodriguez
41%
The Nightmare Before Christmas/ Coraline/ James and the Giant Peach Henry Selick
12%
Monsters, Inc./ Up/ Inside Out Pete Doctor
6%
No matching quizzes found
Score Distribution
Percent of People with Each Score
Percentile by Number Answered
Your Score History
You have not taken this quiz